Представление документа в формате MARC21

Поле Инд. ПП Название Значение
Тип записи a
Библиографический уровень m
001 Контрольный номер 005062506
005 Дата корректировки 20150513113603.6
008 Кодируемые данные 111024s2011 a zzzz 000 1 rusdu
020 a ISBN 978-5-9221-1288-8
040 a Служба первич. каталог. RuMoRKP
a Служба первич. каталог. НБ ТвГУ
e Правила каталог. rcr
041 a Код языка текста rus
080 a Индекс УДК 523.4
084 a Индекс другой классификации/Индекс ББК В654
090 a Полочн. индекс В654
x Авторский знак С 90
100 1_ a Автор Сурдин Владимир Георгиевич
q Полное имя Сурдин В. Г.
245 00 a Заглавие Разведка далеких планет
260 a Место издания Москва
b Издательство ФИЗМАТЛИТ
c Дата издания 2011
300 a Объем 349, [2] c., [8] л. цв. ил.
b Иллюстрации/ тип воспроизводства ил., портр., табл.
c Размеры 22 см
504 a Библиография Указ. мен: с. 341-344. - Предм. указ.: с. 345-347
520 a Аннотация Мечта каждого астронома — открыть новую планету. Раньше это случалось редко: одна-две за столетие. Но в последнее время планеты открывают часто: примерно по одной большой планете в неделю, ну а мелких — по сотне за ночь! В книге рассказано о том, как велись и ведутся поиски больших и маленьких планет в Солнечной системе и вдали от нее, какая техника для этого используется, что помогает и что мешает астрономам в этой работе. Рассказано, как дают планетам имена и какие открытия ждут нас впереди. В приложении приведены точные данные о планетах, созвездиях и крупнейших телескопах. Книга предназначена старшеклассникам, учителям и студентам, а также всем любителям астрономии.
653 a Ключевые слова Астрономия
a Ключевые слова Звезды
a Ключевые слова Имена планет
a Ключевые слова Карликовые планеты
a Ключевые слова Открытие планет
a Ключевые слова Планеты
a Ключевые слова Поиск планет
a Ключевые слова Созвездия
a Ключевые слова Солнечная система
a Ключевые слова Спутники планет
a Ключевые слова Телескопы
856 u URL http://texts.lib.tversu.ru/texts/989106ogl.pdf
901 t Тип документа m
920 a Оператор Стру
952 c Вид литературы К рн
954 a Дата поступления на обработку 20120524